Search the Library Catalogue
| 000 -LEADER | |
|---|---|
| fixed length control field | 00693nam a2200277Ia 4500 |
| 003 - CONTROL NUMBER IDENTIFIER | |
| control field | OSt |
| 005 - DATE AND TIME OF LATEST TRANSACTION | |
| control field | 20260225095817.0 |
| 008 - FIXED-LENGTH DATA ELEMENTS--GENERAL INFORMATION | |
| fixed length control field | 210417s9999 xx 000 0 und d |
| 020 ## - INTERNATIONAL STANDARD BOOK NUMBER | |
| International Standard Book Number | 9780340894569 |
| 040 ## - CATALOGING SOURCE | |
| Transcribing agency | - |
| 050 ## - LIBRARY OF CONGRESS CALL NUMBER | |
| Classification number | 823.912 |
| Item number | BLY |
| 082 ## - DEWEY DECIMAL CLASSIFICATION NUMBER | |
| Classification number | 823.912 |
| Item number | BLY |
| Item number | 22.823.912 BLY |
| 100 ## - MAIN ENTRY--PERSONAL NAME | |
| Personal name | Blyton, Enid |
| 245 #4 - TITLE STATEMENT | |
| Title | THE FAMOUS FIVE : FIVE RUN AWAY TOGETHER |
| Statement of responsibility, etc. | by Enid Blyton |
| Statement of responsibility, etc. | FAMOUS FIVE FIVE RUN AWAY TOGETHER |
| 250 ## - EDITION STATEMENT | |
| Remainder of edition statement | "229p. pbk.," |
| 260 ## - PUBLICATION, DISTRIBUTION, ETC. | |
| Place of publication, distribution, etc. | BRITAIN |
| Name of publisher, distributor, etc. | Hodder Children's Books |
| Date of publication, distribution, etc. | 1942 |
| 300 ## - PHYSICAL DESCRIPTION | |
| Extent | 264p. |
| 490 ## - SERIES STATEMENT | |
| Materials specified | pbk |
| 700 ## - ADDED ENTRY--PERSONAL NAME | |
| Personal name | "Blyton, Enid." |
| Numeration | ENID BLYTON |
| 942 ## - ADDED ENTRY ELEMENTS (KOHA) | |
| Source of classification or shelving scheme | Dewey Decimal Classification |
| Koha item type | English Books |
| Withdrawn status | Lost status | Source of classification or shelving scheme | Damaged status | Not for loan | Home library | Current library | Shelving location | Date acquired | Total Checkouts | Total Renewals | Full call number | Barcode | Date last seen | Date last checked out | Price effective from | Koha item type |
|---|---|---|---|---|---|---|---|---|---|---|---|---|---|---|---|---|
| Dewey Decimal Classification | Anna Centenary Library | Anna Centenary Library | CHILDREN SECTION-1ST FLOOR, B WING | 06.01.2010 | 12 | 1 | 823.912 BLY | 600215 | 12.04.2026 | 31.03.2026 | 17.04.2021 | English Books | ||||
| Dewey Decimal Classification | Anna Centenary Library | Anna Centenary Library | CHILDREN SECTION-1ST FLOOR, B WING | 06.01.2010 | 823.912 BLY | 492790 | 25.02.2026 | 25.02.2026 | English Books |